| 000 | 01030nas a2200337 4500 | ||
|---|---|---|---|
| 001 | BR2011005380 | ||
| 003 | BR-BrBNA | ||
| 005 | 20231205115642.0 | ||
| 007 | ta | ||
| 008 | 230509b bl.|||p| |||| 00| 00por d | ||
| 040 |
_aBR-BrBNA _bpor _cBiblioteca Nacional de Agricultura |
||
| 041 | _a(Pt) | ||
| 072 | _aL72 | ||
| 100 | 1 | _aSilva, A.S. da | |
| 100 | 1 | _aDau, S.L. | |
| 100 | 1 | _aFaccio, L. | |
| 100 | 1 | _aZanette, R.A. | |
| 100 | 1 | _aMonteiro, S.G. | |
| 245 | 1 | _aParasitismo por Giardia sp., Crystosporidium sp. e Cystoisospora sp em nutria (Myocastor coypus)no Estado do Rio Grande do Sul, Brasil | |
| 650 | _aRIO GRANDE DO SUL | ||
| 650 | _aPARASITISMO | ||
| 650 | _aGIARDIASE | ||
| 650 | _aCRYPTOSPORIDIUM | ||
| 650 | _aANIMAL SELVAGEM | ||
| 650 | _aRATÃO-DO-BANHADO | ||
| 650 | _aMYOCASTOR COYPUS | ||
| 650 | _aFEZES | ||
| 773 | 0 |
_tEstudos de Biologia (Brazil) _xISSN 0102-2067 _g(Jan-Mar 2007), v. 29(66) p. 107-110 _wBR2011005380 |
|
| 909 |
_a202311 _bLúcia _c55 _dLúcia Elande |
||
| 942 |
_2AGRIS _n0 _cANA |
||
| 999 |
_c215041 _d215041 |
||